Bienvenue à la Médiathèque de Saint-Andiol
banniere
Accueil Recherche avancée Mon compte
handi1 Rechercher dans le catalogue

Filtre   Mots-clés
  Recherche avancée
 
Lister les dernières nouveautés
 
Lister les livres GROS CARACTERES
 
Lister les périodiques (magazines)

handi1 P'tit Loup part en vacances

Book Cover
Auteur principal : Orianne Lallemand
Autres auteurs : Eléonore Thuillier
Titre : P'tit Loup part en vacances
Support : Livres
Langue : Francais
Publié : DL 2014 Auzou éveil Paris
Series : P'tit Loup
Genre : Album
Collection : P'tit Loup
Sujets :
Étiquettes :
Pas de tags
LEADER 01014nam0a2200229 450
001 16868164
010 |a 978-2-7338-2776-5  |b rel.  |d 4,95 € 
100 |a 20260328d2026 u u0frey01 ba 
101 0 |a fre 
102 |a FR 
200 0 |a P'tit Loup part en vacances  |f Orianne Lallemand, Eléonore Thuillier 
207 1 |a   
210 |a Paris  |b 24-32, rue des Amandiers  |c Auzou éveil  |d DL 2014 
215 |a 1 vol. (non paginé [18] p.)  |c ill. en coul.  |d 17 cm 
225 1 |a P'tit Loup  |x ISSN 
330 |a P'tit Loup prépare sa valise pour partir en vacances, et tente de ne rien oublier : les chaussures de marche, les lunettes, le maillot de bain, un livre, mais aussi un déguisement de super-héros. 
461 0 |t P'tit Loup 
700 0 |a Lallemand  |b Orianne  |c auteure de livres pour enfants  |f 1972-....  |4 70 
701 0 |a Thuillier  |b Eléonore  |c illustratrice jeunesse  |f 1979-....  |4 70 
900 |a Album 
901 |a Jeunesse 
995 |a Médiathèque  |c Médiathèque  |f 089021805  |h 089021805  |k A LAL BB  |o p  |q j  |r az  |e Médiathèque